000
00291nam a22001337a 4500
008
180924b xxu||||| |||| 00| 0 eng d
020
_a
0882442252
041
_a
eng
080
_a
339.138
100
_a
60
101
_a
MKT
245
_a
Marketing Mistakes
_c
Hartley, R.F
942
_2
udc
_c
BK
999
_c
48409
_d
48409